Estudios de derecho constitucional económico / (Registro nro. 7418)

Detalles MARC
000 -LEADER
fixed length control field 01377cam a2200301 i 4500
003 - CONTROL NUMBER IDENTIFIER
control field OSt
005 - DATE AND TIME OF LATEST TRANSACTION
control field 20210302165419.0
008 - FIXED-LENGTH DATA ELEMENTS--GENERAL INFORMATION
fixed length control field 980812s2001 ck r 000 0 spa d
020 ## - INTERNATIONAL STANDARD BOOK NUMBER
International Standard Book Number 958683428X
040 ## - CATALOGING SOURCE
Original cataloging agency CO-BoPUJ
Transcribing agency CO-JMCR
041 0# - LANGUAGE CODE
Language code of text/sound track or separate title spa
043 ## - GEOGRAPHIC AREA CODE
Geographic area code s-ck---
082 04 - DEWEY DECIMAL CLASSIFICATION NUMBER
Classification number 342.861 /
Item number I121e
Edition number 23
100 1# - MAIN ENTRY--PERSONAL NAME
Personal name Ibáñez Najar, Jorge Enrique
Relator term autor
9 (RLIN) 8686
245 10 - TITLE STATEMENT
Title Estudios de derecho constitucional económico /
Statement of responsibility, etc. Jorge Enrique Ibáñez Najar ; presentación Mario Roberto Molano López
250 ## - EDITION STATEMENT
Edition statement Primera edición.
260 ## - PUBLICATION, DISTRIBUTION, ETC.
Place of publication, distribution, etc. Bogotá :
Name of publisher, distributor, etc. Pontificia Universidad Javeriana,
Date of publication, distribution, etc. 2001
300 ## - PHYSICAL DESCRIPTION
Extent xxii, 1036 páginas ;
Dimensions 24 cm.
500 ## - GENERAL NOTE
General note Colección Hernando Bermúdez Gómez; c.3
520 0# - SUMMARY, ETC.
Summary, etc. Este libro recoge, por un aparte, los principales estudios que elaborados por el autor, fueron tenidos en cuenta en la aprobación de las normas de contenido económico previstas en la Constitución política de 1991, sobre régimen monetario, sistema contable y control fiscal .
650 14 - SUBJECT ADDED ENTRY--TOPICAL TERM
Topical term or geographic name entry element Derecho económico
Geographic subdivision Colombia
9 (RLIN) 13040
650 24 - SUBJECT ADDED ENTRY--TOPICAL TERM
Topical term or geographic name entry element Estado de emergencia
9 (RLIN) 14269
651 #4 - SUBJECT ADDED ENTRY--GEOGRAPHIC NAME
Geographic name Colombia
General subdivision Derecho constitucional
9 (RLIN) 8137
700 1# - ADDED ENTRY--PERSONAL NAME
Personal name Molano López, Mario Roberto
Relator term prólogo
9 (RLIN) 14270
710 2# - ADDED ENTRY--CORPORATE NAME
Corporate name or jurisdiction name as entry element Pontificia Universidad Javeriana
Subordinate unit Facultad de Ciencias Jurídicas
9 (RLIN) 14271
740 0# - ADDED ENTRY--UNCONTROLLED RELATED/ANALYTICAL TITLE
Uncontrolled related/analytical title 10 años de la constitución política
942 ## - ADDED ENTRY ELEMENTS (KOHA)
Source of classification or shelving scheme Dewey Decimal Classification
Koha item type Books
Existencias
Withdrawn status Lost status Source of classification or shelving scheme Damaged status Not for loan Home library Current library Shelving location Date acquired Source of acquisition Total Checkouts Full call number Barcode Date last seen Copy number Price effective from Koha item type
    Dewey Decimal Classification     Biblioteca Pública José María del Castillo y Rada Biblioteca Pública José María del Castillo y Rada General Stacks 02/25/2021 Donación   342.861 / I121e 201810616 05/16/2024 Ej.1 02/25/2021 Books